000 01041njm a22002777a 4500
005 20100921122448.0
006 a|||||r|||||00| 0
007 sd ammalaaahaa
008 100907t xxu||||| |||| 00| 0 eng d
028 _aSFLP-1248
_bSuper
035 _aGR-07767
100 _aRaj Kumar
_918693
245 _aMahaveera /
_cby Raj Kumar ; Music Kalyanji-Aanandji ; lyric Anand Bakshi
_h[Sound recording]
246 _aमहावीर /
260 _aDum Dum, India
_bSuper
_c1988
300 _a1 sound disc [Gramophone Recording]
_banalog, 33 1/3rpm ;
_c12 in. (LP)
_fGramaphone Records
500 _aBrief records
500 _aRecord Lables Super, Red
505 _aSide-1 (Wafa Se Chala Hai) (Raj Kumar), --Side-2 (Mujhe Tukar Tukar Na Dekh) (Sadhna Sargam)
600 _2Raj Kumar
650 _aClassical Music
_xExcerpts
_zIndia
_918694
700 _aAanandji, Kalyanji
_920923
700 _aBakshi, Anand
_920924
942 _2ddc
_cGR
999 _c47225
_d47225